| 000 | 00949cam a22002651 4500 | ||
|---|---|---|---|
| 001 | l 41000022 | ||
| 003 | DLC | ||
| 005 | 20260227111537.0 | ||
| 008 | 770719s1941 xx 000 0 eng c | ||
| 010 | _al 41000022 | ||
| 035 | _a(OCoLC)3126734 | ||
| 040 |
_aU. S. Dept. of labor. Libr. _cOC _dOCoLC _dDLC |
||
| 042 | _apremarc | ||
| 050 | 0 | 0 |
_aHD8051 _b.A62 no. 677 |
| 082 | _a331.06173 | ||
| 110 | 1 |
_aUnited States. _bBureau of Labor Statistics. |
|
| 245 | 1 | 0 | _aHomes for aged in the United States. |
| 260 |
_aWashington, _bU.S. Govt. print. off., _c1941. |
||
| 300 |
_av, 126 p. _c23 cm. |
||
| 490 | 1 |
_aIts bulletin _vno. 677 |
|
| 500 | _aAt head of title: United States Department of labor, Frances Perkins, secretary. Bureau of labor statistics, Isador Lubin, commissioner. | ||
| 650 | 0 |
_aOld age homes _zUnited States. |
|
| 650 | 0 |
_aCharities _vDirectories. |
|
| 810 | 1 |
_aUnited States. _bBureau of Labor Statistics. _tBulletin _vno. 677. |
|
| 999 |
_c36353 _d36353 |
||